000 00765nam a2200265Ia 4500
003 OSt
005 20221005034133.0
006 a|||||r|||| 00| 0
007 ta
008 221004b |||||||| |||| 00| 0 urd d
020 _a9789350730003 (hbk)
024 _a5604
037 _bGift, 29/07/2013,
_cTextual
040 _aCRL
_cCRL
_burd
041 _2urd
_aurd
082 _aO168,1N34x, Q2
100 _aSingh Kundan
_9586770
245 0 _aAawaz ka pairahan
260 _aDelhi
_bEducational Publishing House India
_c2012
300 _a200p.
_ccm.
650 _aURDU POETRY
700 _a Aravali Kundan
_9586771
942 _hO168,1N34x, Q2
_cTEXL
_2cc
999 _c942757
_d942757